Cricket: Highest Individual Score on Test Debut - Statistics

General Stats
  • This quiz has been taken 13 times
  • The average score is 6 of 20
Answer Stats
For Against Year Score Answer % Correct
NZ WI 1999 214 Mathew Sinclair
62%
WI NZ 1972 214 Lawrence Rowe
54%
SA BAN 2003 222* Jacques Rudolph
46%
WI BAN 2021 210* Kyle Mayers
46%
ENG AUS 1903 287 Reginald Foster
46%
IND WI 2013 177 Rohit Sharma
46%
AUS ENG 1877 165* Charles Bannerman
38%
IND AUS 2013 187 Shikhar Dhawan
38%
SL NZ 1987 201* Brendon Kuruppu
31%
WI ENG 1930 176 George Headley
31%
PAK NZ 1976 163 Javed Miandad
31%
AUS ENG 1965 155 Doug Walters
23%
AUS ENG 1982 162 Kepler Wessels
23%
AUS PAK 1983 159 Wayne Phillips
23%
PAK BAN 2003 170 Yasir Hameed
23%
SA WI 1992 163 Andrew Hudson
15%
AUS ENG 1929 164 Archie Jackson
15%
PAK SL 2009 168 Fawad Alam
15%
NZ ENG 2013 171 Hamish Rutherford
15%
PAK AUS 1964 166 Khalid Ibadulla
8%
No matching quizzes found
Score Distribution
Percent of People with Each Score
Percentile by Number Answered
Your Score History
You have not taken this quiz